[Event "Regionalliga SW 0405"]
[Site "Bayern"]
[Date "2004.12.12"]
[Round "4.7"]
[White "Tyomkyn, Mikhail"]
[Black "Wesely, Wolfgang"]
[Result "1-0"]
[WhiteElo "1976"]
[BlackElo "1985"]
[PlyCount "95"]
[EventDate "2004.10.24"]
[EventType "team-tourn"]
[EventRounds "9"]
[EventCountry "GER"]
[SourceTitle "EXT 2007"]
[Source "ChessBase"]
[SourceDate "2006.11.23"]
[SourceVersion "1"]
[SourceVersionDate "2006.11.23"]
[SourceQuality "1"]
[WhiteTeam "Haunstetten"]
[BlackTeam "Muenchen RTA"]
[WhiteTeamCountry "GER"]
[BlackTeamCountry "GER"]

1. e4 e5 2. Nf3 Nc6 3. d4 exd4 4. Nxd4 Nf6 5. Nxc6 bxc6 6. e5 Nd5 7. c4 Bb4+ 8. Bd2 Bxd2+ 9. Qxd2 Nb6 10. Bd3 0-0 11. 0-0 f6 12. c5 Nd5 13. Bc4 Kh8 14. Bxd5 cxd5 15. Qxd5 Rb8 16. b3 Bb7 17. Qd4 fxe5 18. Qxe5 Re8 19. Qg3 Re6 20. f3 Qf6 21. Nd2 Re2 22. Qxc7 Qd4+ 23. Kh1 Rbe8 24. Qxb7 Qxd2 25. f4 Qc3 26. h3 Qxc5 27. Qxd7 h6 28. Rac1 Qe3 29. Rc8 Rxc8 30. Qxc8+ Kh7 31. Qf5+ Kh8 32. Rd1 Re1+ 33. Rxe1 Qxe1+ 34. Kh2 Qe8 35. Qe5 Qf8 36. Qd4 Qf5 37. b4 Kh7 38. a4 Qf7 39. Qe4+ Kh8 40. Qe5 Kh7 41. b5 Qc4 42. a5 Qb4 43. a6 Qa4 44. Qb8 h5 45. b6 h4 46. bxa7 Qa3 47. f5 Qe7 48. a8Q 1-0

[Event "Landesliga Sued 0304"]
[Site "Bayern"]
[Date "2004.04.25"]
[Round "9.8"]
[White "Osthoff, Michael"]
[Black "Tyomkyn, Mikhail"]
[Result "1-0"]
[WhiteElo "1920"]
[BlackElo "1921"]
[PlyCount "79"]
[EventDate "2003.10.12"]
[EventType "team-tourn"]
[EventRounds "9"]
[EventCountry "GER"]
[SourceTitle "EXT 2006"]
[Source "ChessBase"]
[SourceDate "2005.11.24"]
[SourceVersion "1"]
[SourceVersionDate "2005.11.24"]
[SourceQuality "1"]
[WhiteTeam "Muenchen Siemens"]
[BlackTeam "Haunstetten"]
[WhiteTeamCountry "GER"]
[BlackTeamCountry "GER"]

1. d4 Nf6 2. c4 g6 3. Nc3 d5 4. Bf4 Bg7 5. Rc1 dxc4 6. e3 0-0 7. Bxc4 a6 8. Nf3 b5 9. Bb3 Bb7 10. 0-0 Nbd7 11. a4 c6 12. Re1 b4 13. Nb1 Rc8 14. e4 c5 15. e5 Nd5 16. Bg5 cxd4 17. Rxc8 Qxc8 18. Qxd4 e6 19. Nbd2 Qc5 20. Qh4 a5 21. Ne4 Qb6 22. Bh6 Rc8 23. Neg5 Nf8 24. Bxg7 Kxg7 25. Ne4 Qd8 26. Qg3 Ne7 27. Nd6 Nf5 28. Nxf5+ exf5 29. Ng5 Bd5 30. h4 Bxb3 31. Qxb3 Qe7 32. Qd5 Rc5 33. Qd4 Ne6 34. Nxe6+ fxe6 35. g3 Qc7 36. Qf4 Rc2 37. Qg5 Qf7 38. Qd8 Rxb2 39. Rd1 Kh6 40. Rd7 1-0

[Event "Landesliga Sued 0304"]
[Site "Bayern"]
[Date "2004.01.18"]
[Round "5.8"]
[White "Wittmann, Thomas"]
[Black "Tyomkyn, Mikhail"]
[Result "0-1"]
[WhiteElo "1747"]
[BlackElo "1921"]
[PlyCount "50"]
[EventDate "2003.10.12"]
[EventType "team-tourn"]
[EventRounds "9"]
[EventCountry "GER"]
[SourceTitle "EXT 2006"]
[Source "ChessBase"]
[SourceDate "2005.11.24"]
[SourceVersion "1"]
[SourceVersionDate "2005.11.24"]
[SourceQuality "1"]
[WhiteTeam "Dorfen"]
[BlackTeam "Haunstetten"]
[WhiteTeamCountry "GER"]
[BlackTeamCountry "GER"]

1. e4 c5 2. Nf3 Nc6 3. d4 cxd4 4. Nxd4 g6 5. Nxc6 bxc6 6. Qd4 Nf6 7. e5 Nd5 8. c4 Nc7 9. Nc3 Bg7 10. Qe4 0-0 11. f4 d6 12. Be3 Bf5 13. Qxc6 dxe5 14. Rd1 Qb8 15. Be2 Qxb2 16. Na4 Qxa2 17. Qxc7 exf4 18. Bxf4 Qxa4 19. Qxe7 Rfe8 20. Qg5 Qxc4 21. Be3 Qc3+ 22. Kf2 Bf6 23. Qf4 Re4 24. Qf3 Rae8 25. Rd3 Qe5 0-1